LEADER 01342nam2 22003011i 450 001 UON00332121 005 20231205104224.810 100 $a20090918d1975 |0itac50 ba 101 $arum 102 $aRO 105 $a|||| 1|||| 200 1 $aTalmaciri$fLucian Blaga$gEditie ingrijita de Dorli Blaga 210 $aBucuresti$cMinerva$d1975 215 $aVII, 263 p.$d20 cm. 311 $aVol. 3.$9UON00332106 316 $aEx inventario : Romeno 1991.$5IT-UONSI FONDOONCIULESCUA/1104/3 461 0$1001UON00332106$12001 $aOpere$fLucian Blaga$1210 $aBucuresti$cMinerva$d1974-1995$1215 $a12 v.$d20 cm.$vVol. 3. 620 $aRO$dBucure?ti$3UONL000071 676 $a859$cLetteratura romena e letterature ladine$v21 700 1$aBLAGA$bLucian$3UONV126737$0515266 702 1$aBLAGA$bDorli$3UONV185855 712 $aEditura Minerva$3UONV275495$4650 801 $aIT$bSOL$c20240220$gRICA 912 $aUON00332121 950 $aSIBA - SISTEMA BIBLIOTECARIO DI ATENEO$dSI FONDO BUONINCONTRO A 0134/3 $eSI EO 43214 5 0134/3 950 $aSIBA - SISTEMA BIBLIOTECARIO DI ATENEO$dSI FONDO ONCIULESCU A 1104/3 $eSI EO 43464 5 1104/3 Ex inventario : Romeno 1991. 996 $aTalmaciri$91182034 997 $aUNIOR LEADER 01129nam0 22002771i 450 001 UON00216592 005 20231205103356.543 010 $a58-525-5656-4 100 $a20030730d1997 |0itac50 ba 101 $arus 102 $aRU 105 $a|||| 1|||| 200 1 $aˆ[‰odna tysjaca vosem'sot sorok] 1840-1876. Ju. F. Samarin$estat'i, vospominanija, pis'ma$f[Sost. T.A. Medovieva] 210 $aMoskva$cTERRA$d1997 215 $a278 p.$ctav.$d26 cm. 620 $aRU$dMoskva$3UONL003152 676 $a947.081$cStoria della Russia. regno di Alessandro II, 1855-1881$v21 700 1$aSAMARIN$bJurij F.$3UONV131132$0684198 702 1$aMEDOVIEVA$bT. A.$3UONV284346 712 $aTerra$3UONV265922$4650 801 $aIT$bSOL$c20241213$gRICA 899 $aSIBA - SISTEMA BIBLIOTECARIO DI ATENEO$2UONSI 912 $aUON00216592 950 $aSIBA - SISTEMA BIBLIOTECARIO DI ATENEO$dSI EO DUOMO IX D 0685 $eSI EO 31016 5 0685 996 $aOdna tysjaca vosem'sot sorok 1840-1876. Ju. F. Samarin 1840-1876. Ju. F. Samarin$91754656 997 $aUNIOR